[Event "It (open)"]
[Site "masterchessopen.com Latschach (Austria)"]
[Date "2009.08.13"]
[Round "7"]
[White "Klocker Benedikt (AUT)"]
[Black "Turov Maxim (RUS)"]
[Result "0-1"]
[WhiteElo "2143"]
[BlackElo "2561"]

1.e4 e5 2.Nf3 Nc6 3.Bb5 a6 4.Ba4 Nf6 5.O-O Be7 6.Re1 b5 7.Bb3 d6 8.c3 O-O 9.h3
Na5 10.Bc2 d5 11.exd5 e4 12.Ng5 Nxd5 13.Nxe4 f5 14.Ng3 f4 15.Nf1 f3 16.g4 Nf4
17.Qxf3 Bb7 18.Be4 Bxe4 19.Qxe4 Nxh3+ 20.Kh2 Ng5 21.Qxe7 Rxf2+ 22.Kg1 Nh3+
23.Kh1 Rxf1+ 24.Kg2 Rxe1 25.Qxe1 Nf4+ 26.Kg1 Qd5 27.Qf1 Rf8 28.d4 Qe4 {#R} 0-1

[Event "It \"]
[Site "masterchessopen.com Uxbridge (England)"]
[Date "2009.08.16"]
[Round "8"]
[White "Ocantos Manuel (ARG)"]
[Black "Kilpatrick Callum (ENG)"]
[Result "0-1"]
[WhiteElo "2141"]
[BlackElo "2226"]

1.e4 e5 2.Nf3 Nc6 3.Bb5 a6 4.Ba4 Nf6 5.O-O Be7 6.Re1 b5 7.Bb3 d6 8.c3 O-O 9.h3
Na5 10.Bc2 d5 11.d4 dxe4 12.Nxe5 c5 13.dxc5 Qc7 14.Ng4 Bxg4 15.hxg4 Bxc5 16.b4
Bxf2+ 17.Kxf2 Nc4 18.g5 Rad8 19.Qe2 e3+ 20.Kg1 Nd5 21.a4 Qg3 22.Rf1 Ne5 23.Rf3
Nxf3+ 24.Qxf3 Qe5 25.Kf1 Rfe8 26.Qh3 Qf4+ 27.Kg1 Qf2+ 28.Kh2 Qxc2 {#R} 0-1

[Event "Ch Montenegro (team) (Premier League)"]
[Site "masterchessopen.com Cetinje (Montenegro)"]
[Date "2009.08.25"]
[Round "5"]
[White "Djukic Nikola (MNE)"]
[Black "Nikcevic Nebojsa (MNE)"]
[Result "1-0"]
[WhiteElo "2491"]
[BlackElo "2381"]

1.e4 e5 2.Nf3 Nc6 3.Bb5 a6 4.Ba4 Nf6 5.O-O Be7 6.Re1 b5 7.Bb3 d6 8.c3 O-O 9.h3
Na5 10.Bc2 c5 11.d4 Nd7 12.dxc5 dxc5 13.Nbd2 f6 14.Nf1 Nb6 15.Qe2 Be6 16.Ne3
Re8 17.h4 Nac4 18.Nf5 Bf8 19.h5 Ra7 20.N3h4 Na4 21.b3 Nxc3 22.Qf3 b4 23.bxc4
Bxc4 24.Bb3 Be6 25.Bxe6+ Rxe6 26.Qg4 Rc6 27.Bb2 Na4 28.Rad1 Qe8 29.Bc1 c4
30.Re3 Nc5 31.Rh3 Nd3 32.Nh6+ Kh8 33.Ng6+ hxg6 34.Nf7+ {#r} 1-0

[Event "It (open) (b)"]
[Site "masterchessopen.com Polanica Zdroj (Poland)"]
[Date "2009.08.26"]
[Round "9"]
[White "Szadkowski Krzysztof (POL)"]
[Black "Blaszkiewicz Mateusz (POL)"]
[Result "0-1"]
[WhiteElo "2100"]
[BlackElo "1898"]

1.e4 e5 2.Nf3 Nc6 3.Bb5 a6 4.Ba4 Nf6 5.O-O Be7 6.Re1 b5 7.Bb3 d6 8.h3 O-O 9.c3
Na5 10.Bc2 d5 11.d4 dxe4 12.Nxe5 Bb7 13.Bg5 c5 14.dxc5 Qc7 15.Bxf6 Rad8 16.Qh5
Bxf6 17.Ng4 Be7 18.b4 Rd5 19.Nh6+ gxh6 20.Qe2 Rg5 21.bxa5 e3 22.f3 Bxc5 23.Qd3
Rg7 24.Re2 Bxf3 {#R} 0-1

[Event "It (open) \"]
[Site "masterchessopen.com Tatranske Zruby (Slovakia)"]
[Date "2009.10.03"]
[Round "8"]
[White "Bahna Jan (SVK)"]
[Black "Hodovsky Jiri (CZE)"]
[Result "0-1"]
[WhiteElo "1960"]
[BlackElo "2078"]

1.e4 e5 2.Nf3 Nc6 3.Bb5 a6 4.Ba4 Nf6 5.O-O Be7 6.Re1 b5 7.Bb3 d6 8.c3 O-O 9.h3
Na5 10.Bc2 c5 11.d4 Nd7 12.Nbd2 exd4 13.cxd4 Nc6 14.Nf1 cxd4 15.Nxd4 Nxd4
16.Qxd4 Ne5 17.Ne3 Bxh3 18.Nd5 Be6 19.Bf4 Bf6 20.Nxf6+ Qxf6 21.Be3 Rac8 22.Bb3
Qg6 23.Bd1 Bg4 24.Kf1 Rc4 25.Qd5 Bxd1 26.Raxd1 Ng4 27.Qxd6 Rxe4 28.Qxf8+ Kxf8
29.Bc5+ Ke8 30.Rxe4+ Qxe4 31.Re1 Nh2+ {#R} 0-1

[Event "Tournament \"]
[Site "masterchessopen.com Chylice (Poland)"]
[Date "2009.10.11"]
[Round "4"]
[White "Llaneza Vega Victor (ESP)"]
[Black "Kazmierczak Ewa"]
[Result "1-0"]
[WhiteElo "2043"]
[BlackElo "1457"]

1.e4 e5 2.Nf3 Nc6 3.Bb5 a6 4.Ba4 Nf6 5.O-O Be7 6.Re1 b5 7.Bb3 O-O 8.c3 d6 9.h3
Na5 10.Bc2 c5 11.d4 Nc6 12.d5 Na7 13.Nbd2 Qb6 14.Nf1 Bd7 15.Ng3 g6 16.Nh2 Ne8
17.Bh6 Ng7 18.Qd2 Bh4 19.Ne2 c4 20.g3 Be7 21.Kg2 f5 22.f4 fxe4 23.Bxe4 Bf5
24.Bxf5 Rxf5 25.Nd4 Rf7 26.Bxg7 Kxg7 27.Ne6+ Kg8 28.fxe5 dxe5 29.Rf1 Rxf1
30.Rxf1 Nc8 31.Qh6 Qd6 32.Qg7# 1-0

[Event "It (open)"]
[Site "masterchessopen.com Bogota (Colombia)"]
[Date "2009.10.30"]
[Round "2"]
[White "Dominguez Miller"]
[Black "Marrero Yaniet (CUB)"]
[Result "0-1"]
[WhiteElo "1953"]
[BlackElo "2241"]

1.e4 e5 2.Nf3 Nc6 3.Bb5 a6 4.Ba4 Nf6 5.O-O Be7 6.Re1 b5 7.Bb3 d6 8.c3 O-O 9.h3
Na5 10.Bc2 c5 11.d4 Nd7 12.a4 Rb8 13.axb5 axb5 14.Nbd2 cxd4 15.cxd4 Nc6 16.Nf1
exd4 17.Nxd4 Nxd4 18.Qxd4 Ne5 19.Ne3 Bxh3 20.Nd5 Bf6 21.Qb4 Be6 22.Ra6 Bxd5
23.exd5 Qc7 24.Qe4 g6 25.Be3 Rfe8 26.Qf4 Bg7 27.Rc1 Qd7 28.Qb4 Nc4 29.Bf4 Bxb2
30.Rb1 Be5 31.Bh6 Qg4 32.Ra3 Qe2 33.Bd1 Qe4 {#R} 0-1

[Event "Ch World (juniors) (under 14) (g)"]
[Site "masterchessopen.com Kemer (Turkey)"]
[Date "2009.11.16"]
[Round "5"]
[White "Iwanow Anna (POL)"]
[Black "Pratyusha Bodda (IND)"]
[Result "1-0"]
[WhiteElo "2022"]
[BlackElo "1974"]

1.e4 e5 2.Nf3 Nc6 3.Bb5 a6 4.Ba4 Nf6 5.O-O Be7 6.Re1 b5 7.Bb3 d6 8.c3 O-O 9.h3
Na5 10.Bc2 c5 11.d4 Nd7 12.Nbd2 exd4 13.cxd4 Nc6 14.a3 cxd4 15.Nb3 Bb7
16.Nbxd4 g6 17.Nxc6 Bxc6 18.Bf4 Nc5 19.Nd4 Bb7 20.b4 Ne6 21.Nxe6 fxe6 22.Qg4
e5 23.Bh6 Re8 24.Qe2 Bf6 25.a4 Qd7 26.Bb3+ Kh8 27.axb5 Qxb5 28.Qd2 Ra7 29.Qxd6
{#r} 1-0

[Event "Ch Central FO (team)"]
[Site "masterchessopen.com Elets (Russia)"]
[Date "2009.12.19"]
[Round "6"]
[White "Ajrapetian Gevorg (RUS)"]
[Black "Geranichev Mikhail (RUS)"]
[Result "1-0"]
[WhiteElo "2390"]
[BlackElo "1959"]

1.e4 e5 2.Nf3 Nc6 3.Bb5 a6 4.Ba4 Nf6 5.O-O Be7 6.Re1 b5 7.Bb3 O-O 8.h3 d6 9.c3
Na5 10.Bc2 c5 11.d4 cxd4 12.cxd4 Nc6 13.Nbd2 a5 14.Nf1 Re8 15.Be3 Bf8 16.Ng3
g6 17.Rc1 Bb7 18.d5 Nb4 19.Bb1 a4 20.a3 Na6 21.Bd3 Qa5 22.Qe2 Nc7 23.Nd2 Rec8
24.Rc3 Nfe8 25.Rec1 Rab8 26.h4 Be7 27.h5 Rd8 28.b4 axb3 29.Nxb3 Qxa3 30.Rxc7
Nxc7 31.Rxc7 Bf8 32.Qf3 f5 33.Nxf5 Bxd5 34.exd5 {#r} 1-0

[Event "Ch City (open)"]
[Site "masterchessopen.com Suwalki (Poland)"]
[Date "2009.12.28"]
[Round "5"]
[White "Zdancewicz Jaroslaw (POL)"]
[Black "Barglowski Filip (POL)"]
[Result "0-1"]
[WhiteElo "2056"]
[BlackElo "2339"]

1.e4 e5 2.Nf3 Nc6 3.Bb5 a6 4.Ba4 Nf6 5.O-O Be7 6.Re1 b5 7.Bb3 d6 8.c3 O-O 9.h3
Na5 10.Bc2 d5 11.exd5 e4 12.Ng5 Nxd5 13.Nxh7 Kxh7 14.Bxe4+ Kg8 15.Bxd5 Qxd5
16.Rxe7 Be6 17.b3 Qd6 18.Ba3 c5 19.Rxe6 fxe6 20.d4 b4 21.cxb4 Nc6 22.Nd2 Qxd4
23.Nf3 Qxd1+ 24.Rxd1 cxb4 25.Bb2 Rfd8 26.Re1 Rd6 27.Re4 Rd1+ 28.Kh2 Rb1 29.Re2
a5 30.Ng5 e5 31.f4 exf4 32.Ne6 Re8 33.Bxg7 Nd8 {#R} 0-1

[Event "Extra League 2009/10"]
[Site "masterchessopen.com Czech Republic"]
[Date "2010.01.16"]
[Round "5"]
[White "Klima Lukas (CZE)"]
[Black "Vltavsky Vladimir (CZE)"]
[Result "1-0"]
[WhiteElo "2396"]
[BlackElo "2205"]

1.e4 e5 2.Nf3 Nc6 3.Bb5 a6 4.Ba4 Nf6 5.O-O Be7 6.Re1 b5 7.Bb3 d6 8.c3 O-O 9.h3
Na5 10.Bc2 c5 11.d3 Nc6 12.Nbd2 Re8 13.Nf1 Bf8 14.Ng3 g6 15.Bg5 h6 16.Be3 d5
17.exd5 Nxd5 18.Bc1 Bb7 19.a4 Nb6 20.axb5 axb5 21.Rxa8 Bxa8 22.Qe2 Re6 23.Bb3
Nd5 24.Qd1 Re8 25.Bc2 Nc7 26.Ne4 Na5 27.Be3 Bxe4 28.dxe4 Qe7 29.Qe2 Nb7 30.Ra1
Rd8 {#r} 1-0

[Event "Tournament (Elo)"]
[Site "masterchessopen.com Belo Horizonte (Brazil)"]
[Date "2010.02.06"]
[Round "6"]
[White "Campos Igor Ribeiro (BRA)"]
[Black "Dos Santos Maicon Ferreira (BRA)"]
[Result "1-0"]
[WhiteElo "2167"]
[BlackElo "2016"]

1.e4 e5 2.Nf3 Nc6 3.Bb5 a6 4.Ba4 Nf6 5.O-O Be7 6.Re1 b5 7.Bb3 O-O 8.h3 d6 9.c3
Na5 10.Bc2 c5 11.d3 h6 12.Nbd2 Re8 13.Nf1 Bf8 14.Ng3 g6 15.d4 Qc7 16.d5 c4
17.Be3 Nb7 18.Qd2 Kh7 19.Nh2 Nc5 20.f4 Ncd7 21.Rf1 Bg7 22.Nf3 exf4 23.Bxf4 Ng8
24.Rf2 Ne5 25.Raf1 Nxf3+ 26.Rxf3 Rf8 27.Kh1 a5 28.Qf2 Ra7 29.Bxd6 {#r} 1-0

[Event "Ch Hungary (team) 2009/10"]
[Site "masterchessopen.com Hungary"]
[Date "2010.02.14"]
[Round "6"]
[White "Gara Ticia (HUN)"]
[Black "Bartha Agnes (ROM)"]
[Result "1-0"]
[WhiteElo "2348"]
[BlackElo "1888"]

1.e4 e5 2.Nf3 Nc6 3.Bb5 a6 4.Ba4 Nf6 5.O-O b5 6.Bb3 Be7 7.Re1 O-O 8.c3 d6 9.h3
Na5 10.Bc2 c5 11.d4 cxd4 12.cxd4 exd4 13.Nxd4 Qc7 14.Nc3 Bb7 15.Nf5 Rfe8
16.Bg5 Rad8 17.Re3 Nc4 18.Rg3 Ne5 19.Nxg7 Rf8 20.Bxf6 Ng6 21.Nh5 Rd7 22.Qd2
Rc8 23.Bxe7 Rxe7 24.Qh6 f6 25.Nxf6+ Kh8 26.Rxg6 Rg7 27.Rxg7 Qxg7 28.Qxg7+ Kxg7
29.Nh5+ Kh6 30.Ng3 b4 31.Nf5+ Kg5 32.Nxd6 {#r} 1-0

[Event "It (open)"]
[Site "masterchessopen.com Karpacz (Poland)"]
[Date "2010.02.23"]
[Round "3"]
[White "Warakomski Tomasz (POL)"]
[Black "Siwiec Arkadiusz (POL)"]
[Result "1-0"]
[WhiteElo "2468"]
[BlackElo "2119"]

1.e4 e5 2.Nf3 Nc6 3.Bb5 a6 4.Ba4 Nf6 5.O-O b5 6.Bb3 Be7 7.Re1 d6 8.c3 O-O 9.h3
Na5 10.Bc2 d5 11.d4 dxe4 12.Nxe5 Bb7 13.Be3 Nd7 14.Nd2 Nxe5 15.dxe5 Qc8
16.Nxe4 Nc6 17.Nf6+ Bxf6 18.exf6 {#r} 1-0

[Event "Tournament (provincial)"]
[Site "masterchessopen.com Habana (Cuba)"]
[Date "2010.02.25"]
[Round "8"]
[White "Torrez Uriarte Reynier"]
[Black "Palao Valdes Alejandro"]
[Result "1-0"]
[WhiteElo "1993"]
[BlackElo "2004"]

1.e4 e5 2.Nf3 Nc6 3.Bb5 a6 4.Ba4 Nf6 5.O-O Be7 6.Re1 b5 7.Bb3 d6 8.c3 O-O 9.h3
Na5 10.Bc2 c5 11.d3 Ne8 12.Nbd2 g6 13.Nf1 Ng7 14.Ne3 f5 15.Nd5 f4 16.a4 Be6
17.axb5 axb5 18.b4 cxb4 19.cxb4 Nc6 20.Rxa8 Qxa8 21.Nc7 Qc8 22.Nxe6 Nxe6
23.Bb3 Kg7 24.Bb2 Nxb4 25.d4 exd4 26.Nxd4 Nxd4 27.Qxd4+ Bf6 28.e5 Bxe5 29.Rxe5
dxe5 30.Qxe5+ Kh6 31.h4 Rf5 32.Qg7+ Kh5 33.Qxh7+ Kg4 34.f3+ {#r} 1-0

[Event "It (open)"]
[Site "masterchessopen.com Karpacz (Poland)"]
[Date "2010.02.25"]
[Round "5"]
[White "Koitka Jakub (POL)"]
[Black "Chomski Maciej (POL)"]
[Result "1-0"]
[WhiteElo "1866"]
[BlackElo "1811"]

1.e4 e5 2.Nf3 Nc6 3.Bb5 a6 4.Ba4 Nf6 5.O-O Be7 6.Re1 b5 7.Bb3 d6 8.c3 O-O 9.h3
Na5 10.Bc2 d5 11.d4 dxe4 12.Nxe5 Bb7 13.Ng4 Nd5 14.Bxe4 f5 15.Bxd5+ Qxd5
16.Ne3 Qd6 17.Nd2 f4 18.Ng4 f3 19.g3 Rf5 20.Nf1 Rh5 21.h4 Qd7 22.Nfh2 Bd6
23.Qd3 Rf8 24.b3 Qc6 25.Ne5 Bxe5 26.Rxe5 Rxe5 27.dxe5 Qe6 28.Bf4 Qc6 29.Rd1
Kh8 30.h5 Kg8 31.h6 gxh6 32.Ng4 Qg6 33.Qxg6+ hxg6 34.Bxh6 {#r} 1-0

[Event "Tournament (Elo) \"]
[Site "masterchessopen.com Warsaw (Poland)"]
[Date "2010.03.11"]
[Round "10"]
[White "Nowicki Bartosz (POL)"]
[Black "Kadzinski Wieslaw (POL)"]
[Result "0-1"]
[WhiteElo "2068"]
[BlackElo "1996"]

1.e4 e5 2.Nf3 Nc6 3.Bb5 a6 4.Ba4 Nf6 5.O-O Be7 6.Re1 b5 7.Bb3 d6 8.c3 O-O 9.h3
Na5 10.Bc2 c5 11.d4 Nd7 12.d5 Nc4 13.b3 Ncb6 14.Nbd2 f5 15.c4 bxc4 16.bxc4 f4
17.Rb1 g5 18.Nh2 Qe8 19.Ba4 Qg6 20.Bc6 Ra7 21.Qe2 Bd8 22.Nb3 Nf6 23.Bd2 h5
24.Ba5 g4 25.hxg4 hxg4 26.Nxc5 dxc5 27.Bxb6 Bxb6 28.Rxb6 Rh7 29.g3 f3 30.Nxf3
gxf3 31.Qxf3 Ng4 32.Bd7 Qxb6 33.Qxg4+ Rg7 {#R} 0-1

[Event "Czech League 2009/10 (2nd) (f)"]
[Site "masterchessopen.com Czech Republic"]
[Date "2010.03.14"]
[Round "9"]
[White "Rabatin Jakub (CZE)"]
[Black "Malinovsky Petr"]
[Result "1-0"]
[WhiteElo "2123"]
[BlackElo "2052"]

1.e4 e5 2.Nf3 Nc6 3.Bb5 a6 4.Ba4 Nf6 5.O-O Be7 6.Re1 b5 7.Bb3 O-O 8.h3 d6 9.c3
Na5 10.Bc2 c5 11.d4 Nc6 12.d5 Nb8 13.a4 bxa4 14.Nbd2 Ne8 15.Nf1 f5 16.exf5
Bxf5 17.Bxf5 Rxf5 18.Ng3 Rf7 19.Rxa4 h6 20.Qd3 Nf6 21.Qg6 Nbd7 22.Nf5 Kf8
23.Nxh6 Qe8 24.Ng5 {#r} 1-0

[Event "Ch Romania (juniors) (under 16) (g)"]
[Site "masterchessopen.com Voineasa (Romania)"]
[Date "2010.04.08"]
[Round "1"]
[White "Lucian-Hoffmann Monica"]
[Black "Sonfalean Maria-Laura"]
[Result "1-0"]
[WhiteElo "1813"]
[BlackElo "1633"]

1.e4 e5 2.Nf3 Nc6 3.Bb5 a6 4.Ba4 Nf6 5.O-O b5 6.Bb3 Be7 7.c3 O-O 8.Re1 d6 9.h3
Na5 10.Bc2 c5 11.d4 exd4 12.cxd4 Qb6 13.Nc3 Nc6 14.Nd5 Qd8 15.Nxe7+ Qxe7 16.e5
Nd5 17.dxc5 Be6 18.cxd6 Qd7 19.Qd3 g6 20.Bh6 Rfe8 21.Ng5 Ncb4 22.Qd2 Nxc2
23.Qxc2 Rac8 24.Qd3 Rc4 25.Ne4 Bf5 26.Qxd5 Bxe4 27.Rxe4 Rc2 28.Qb3 Rd2 {#r}
1-0

[Event "Tournament (Elo) \"]
[Site "masterchessopen.com Warsaw (Poland)"]
[Date "2010.04.21"]
[Round "3"]
[White "Szukalski Antoni (POL)"]
[Black "Pietrzak Wojciech (POL)"]
[Result "0-1"]
[WhiteElo "1835"]
[BlackElo "1952"]

1.e4 e5 2.Nf3 Nc6 3.Bb5 a6 4.Ba4 Nf6 5.O-O b5 6.Bb3 Be7 7.Re1 O-O 8.c3 d6 9.h3
Na5 10.Bc2 c5 11.d4 cxd4 12.cxd4 exd4 13.Nxd4 d5 14.Nc3 Bb4 15.e5 Ne4 16.Bxe4
dxe4 17.Rxe4 Bb7 18.Re1 Rc8 19.Nde2 Qc7 20.Qd4 Nc4 21.Ng3 Qc6 22.Qe4 Qb6
23.Qf4 Rfe8 24.Be3 Qc6 25.Nge4 Nxe5 26.Bd4 Bxc3 27.bxc3 Ng6 28.Qg3 Rxe4 29.f3
Re6 30.a3 Qd6 31.Qf2 Nf4 32.Qd2 Nxh3+ 33.gxh3 Qg3+ {#R} 0-1

[Event "It (open)"]
[Site "masterchessopen.com Belo Horizonte (Brazil)"]
[Date "2010.06.06"]
[Round "7"]
[White "Vescovi Giovanni (BRA)"]
[Black "Rodrigues Tiago Pereira (BRA)"]
[Result "1-0"]
[WhiteElo "2622"]
[BlackElo "2145"]

1.e4 e5 2.Nf3 Nc6 3.Bb5 a6 4.Ba4 Nf6 5.O-O Be7 6.Re1 b5 7.Bb3 d6 8.c3 O-O 9.h3
Na5 10.Bc2 c5 11.d4 Nd7 12.Nbd2 exd4 13.cxd4 Re8 14.Nf1 Bb7 15.Bf4 Nc6 16.Ne3
Nb4 17.Bb1 d5 18.e5 cxd4 19.Nxd4 Nf8 20.Nef5 Ng6 21.Bg3 Bc5 22.a3 Nc6 23.Nxc6
Bxc6 24.Qc2 Qb6 25.Rc1 Nxe5 26.Qxc5 Nf3+ 27.gxf3 Re1+ 28.Kg2 Qxc5 29.Rxc5 Bd7
30.Ne3 g6 31.Rxd5 Be6 32.Rd1 {#r} 1-0

[Event "It (open)"]
[Site "masterchessopen.com Voronezh (Russia)"]
[Date "2010.06.13"]
[Round "2"]
[White "Severiukhina Zoja (RUS)"]
[Black "Dogodkina Julia (RUS)"]
[Result "1-0"]
[WhiteElo "2313"]
[BlackElo "2087"]

1.e4 e5 2.Nf3 Nc6 3.Bb5 a6 4.Ba4 Nf6 5.O-O b5 6.Bb3 Be7 7.Re1 O-O 8.h3 d6 9.c3
Na5 10.Bc2 c5 11.d4 cxd4 12.cxd4 Nd7 13.Nc3 Bb7 14.Nd5 Rc8 15.b3 Re8 16.Nxe7+
Qxe7 17.d5 Ba8 18.Bg5 f6 19.Bd2 Nb7 20.a4 bxa4 21.b4 a5 22.Bxa4 axb4 23.Nh4
Red8 24.Nf5 Qf8 25.Bxb4 Kh8 26.Bc6 Ndc5 27.Ra7 g6 28.Ne3 Rb8 29.Nc4 Rdc8
30.Nb6 Rd8 31.Qf3 {#r} 1-0

[Event "It (open)"]
[Site "masterchessopen.com Marrakesh (Morocco)"]
[Date "2010.06.27"]
[Round "3"]
[White "Berelovich Aleksandar (GER)"]
[Black "Colin Vincent (FRA)"]
[Result "1-0"]
[WhiteElo "2574"]
[BlackElo "2439"]

1.e4 e5 2.Nf3 Nc6 3.Bb5 a6 4.Ba4 Nf6 5.O-O b5 6.Bb3 Be7 7.Re1 d6 8.c3 O-O 9.h3
Na5 10.Bc2 d5 11.d4 Nxe4 12.Nxe5 f6 13.Nf3 Bd6 14.Nbd2 f5 15.Ne5 Qh4 16.Qe2
Nc4 17.Ndf3 Qh5 18.a4 Bb7 19.axb5 axb5 20.Rxa8 Bxa8 21.Bf4 Nxb2 22.Qxb5 Nc4
23.Nxc4 Bxf4 24.Nce5 g5 25.Ra1 c6 26.Nxc6 Nxc3 27.Ne7+ Kh8 28.Qc5 Qe8 29.Nxf5
Ne4 30.Qa7 Qg6 31.g4 h5 32.Ra6 Nf6 33.Qe7 {#r} 1-0

[Event "It (open) \"]
[Site "masterchessopen.com Tromsoe (Norway)"]
[Round "9"]
[White "Westerinen Heikki M J (FIN)"]
[Black "Lie Espen (NOR)"]
[Result "0-1"]
[WhiteElo "2365"]
[BlackElo "2471"]

1.e4 e5 2.Nf3 Nc6 3.Bb5 a6 4.Ba4 Nf6 5.O-O Be7 6.Re1 b5 7.Bb3 d6 8.c3 O-O 9.h3
Na5 10.Bc2 d5 11.d3 dxe4 12.dxe4 Qxd1 13.Rxd1 Bb7 14.Bg5 h6 15.Bh4 g5 16.Bg3
Bxe4 17.Bxe4 Nxe4 18.Bxe5 Nc4 19.Re1 f5 20.b4 a5 21.bxa5 Rxa5 22.Bxc7 Ra7
23.Be5 Nxe5 24.Nxe5 Bf6 25.Nc6 Ra4 26.f3 Nxc3 27.Ne5 Ne4 28.Ng6 Re8 {#R} 0-1

[Event "Ch Germany (seniors)"]
[Site "masterchessopen.com Berlin (Germany)"]
[Date "2010.08.19"]
[Round "4"]
[White "Mueller Klaus (GER)"]
[Black "Scholtyssek Werner (GER)"]
[Result "1-0"]
[WhiteElo "2009"]
[BlackElo "1894"]

1.e4 e5 2.Nf3 Nc6 3.Bb5 d6 4.O-O Nf6 5.Re1 Be7 6.c3 a6 7.Ba4 O-O 8.h3 b5 9.Bb3
Na5 10.Bc2 c5 11.d4 exd4 12.cxd4 Qc7 13.Nbd2 Bb7 14.Nf1 Rad8 15.Ng3 Nc6 16.d5
Ne5 17.Nxe5 dxe5 18.Be3 c4 19.Rf1 Bc5 20.Bg5 Rd6 21.Nf5 Rb6 22.Qf3 Ne8 23.Qg3
Rg6 24.Nh4 h6 25.Nxg6 hxg5 26.Nxf8 {#r} 1-0

[Event "It (open)"]
[Site "masterchessopen.com Velika Gorica (Croatia)"]
[Round "9"]
[White "Zecevic Dean (CRO)"]
[Black "Galoic Boris (CRO)"]
[Result "1-0"]
[WhiteElo "2249"]
[BlackElo "1959"]

1.e4 e5 2.Nf3 Nc6 3.Bb5 a6 4.Ba4 Nf6 5.O-O Be7 6.Re1 b5 7.Bb3 O-O 8.h3 d6 9.c3
Na5 10.Bc2 d5 11.exd5 e4 12.Ng5 Nxd5 13.Nxe4 f5 14.Ng3 f4 15.Ne4 f3 16.d4 Bh4
17.g3 Qd7 18.Bd3 Qxh3 19.Bf1 Qg4 20.a4 Bf5 21.Nbd2 Bg6 22.axb5 axb5 23.Bg2 Nf4
24.Bxf3 Qh3 25.Nf1 Nh5 26.Bg4 Qxf1+ 27.Rxf1 {#r} 1-0

[Event "Ch Russia (Higher League)"]
[Site "masterchessopen.com Irkutsk (Russia)"]
[Date "2010.09.04"]
[Round "9"]
[White "Bukavshin Ivan (RUS)"]
[Black "Kokarev Dmitry (RUS)"]
[Result "0-1"]
[WhiteElo "2430"]
[BlackElo "2623"]

1.e4 e5 2.Nf3 Nc6 3.Bb5 a6 4.Ba4 Nf6 5.O-O b5 6.Bb3 Be7 7.Re1 d6 8.c3 O-O 9.h3
Na5 10.Bc2 c5 11.d4 Nd7 12.Nbd2 exd4 13.cxd4 Nc6 14.d5 Nce5 15.Nxe5 Nxe5 16.f4
Ng6 17.Nf3 Bh4 18.Nxh4 Qxh4 19.f5 Ne5 20.Rf1 Bd7 21.f6 Bxh3 22.gxh3 Qg3+
23.Kh1 Qxh3+ 24.Kg1 gxf6 25.Kf2 Kh8 26.Ke1 Rg8 27.Qe2 Rg2 28.Rf2 Qh1+ 29.Kd2
Rag8 30.Kc3 R2g3+ 31.Be3 Qxa1 32.Rxf6 Nc4 {#R} 0-1

[Event "Ch India (juniors) (under 15) (g)"]
[Site "masterchessopen.com Delhi (India)"]
[Date "2010.09.12"]
[Round "11"]
[White "Lasya G (IND)"]
[Black "Michelle Catherina P (IND)"]
[Result "1-0"]
[WhiteElo "1883"]
[BlackElo "1988"]

1.e4 e5 2.Nf3 Nc6 3.Bb5 a6 4.Ba4 Nf6 5.O-O Be7 6.Re1 b5 7.Bb3 d6 8.c3 O-O 9.h3
Na5 10.Bc2 d5 11.exd5 e4 12.Bxe4 Nxe4 13.Rxe4 Bb7 14.d4 Re8 15.Bf4 Nc4 16.b3
Nb6 17.Bg3 Bxd5 18.Re1 b4 19.Ne5 bxc3 20.Nxc3 Bb7 21.Ne4 Bb4 22.Qh5 Bxe1
23.Rxe1 Qd5 24.Re3 f6 25.Bh4 Re6 26.Qf7+ Kh8 27.Rg3 Rg8 28.Rxg7 Rxg7 29.Qf8+
Rg8 30.Nf7# 1-0

[Event "Cup Governor's (open)"]
[Site "masterchessopen.com Khanty Mansyisk (Russia)"]
[Date "2010.09.23"]
[Round "7"]
[White "Gutenev Alexander (RUS)"]
[Black "Chuprov Dmitry (RUS)"]
[Result "0-1"]
[WhiteElo "2327"]
[BlackElo "2545"]

1.e4 e5 2.Nf3 Nc6 3.Bb5 a6 4.Ba4 Nf6 5.O-O Be7 6.Re1 b5 7.Bb3 O-O 8.h3 d6 9.c3
Na5 10.Bc2 c5 11.d4 Nd7 12.Nbd2 exd4 13.cxd4 Nc6 14.d5 Nce5 15.Nxe5 Nxe5 16.f4
Nd7 17.Nf1 Bf6 18.a4 Rb8 19.axb5 axb5 20.Rb1 Re8 21.b3 Ra8 22.Ne3 g6 23.Bd3
Bd4 24.Kh2 Nf6 25.Nc2 Ng4+ 26.Kg3 Bf2+ 27.Kf3 Qh4 28.Rh1 c4 29.bxc4 bxc4
30.Bxc4 Qg3+ 31.Ke2 Rxe4+ 32.Kf1 Rxc4 {#R} 0-1

[Event "Ch Europe (juniors) (under 14)"]
[Site "masterchessopen.com Batumi (Georgia)"]
[Date "2010.09.24"]
[Round "6"]
[White "Taube Gregor (NOR)"]
[Black "Arat Ufuk Sezen (TUR)"]
[Result "1-0"]
[WhiteElo "1926"]
[BlackElo "2007"]

1.e4 e5 2.Nf3 Nc6 3.Bb5 a6 4.Ba4 Nf6 5.O-O b5 6.Bb3 Be7 7.Re1 d6 8.c3 O-O 9.h3
Na5 10.Bc2 c5 11.d4 Nd7 12.Nbd2 exd4 13.cxd4 Nc6 14.Nf1 cxd4 15.Nxd4 Nxd4
16.Qxd4 Ne5 17.Bf4 Bf6 18.Qb4 Nc4 19.Rad1 Nxb2 20.e5 Nxd1 21.Rxd1 Qc7 22.Qe4
g6 23.exf6 Bf5 24.Qe3 Rfe8 25.Be5 Kh8 26.Qh6 Rg8 27.Rd4 {#r} 1-0

[Event "Ch England (active) (team)"]
[Site "masterchessopen.com Newport Pagnell (England)"]
[Date "2010.10.09"]
[Round "2"]
[White "Kilpatrick Callum (ENG)"]
[Black "Cooper Lawrence (ENG)"]
[Result "1-0"]
[WhiteElo "2247"]
[BlackElo "2316"]

1.e4 e5 2.Nf3 Nc6 3.Bb5 a6 4.Ba4 d6 5.O-O Nf6 6.Re1 Be7 7.c3 O-O 8.h3 b5 9.Bb3
Na5 10.Bc2 c5 11.d4 cxd4 12.cxd4 Nc6 13.Nc3 Nxd4 14.Nxd4 exd4 15.Qxd4 Bb7
16.Be3 Rc8 17.Rad1 Rc4 18.Qa7 Qc8 19.Bb3 Rc6 20.Nd5 Nxd5 21.Bxd5 Rc7 22.Rc1
Bc6 23.Qb6 Bxd5 24.Rxc7 {#r} 1-0

[Event "Tournament \"]
[Site "masterchessopen.com Habana (Cuba)"]
[Date "2010.11.09"]
[Round "1"]
[White "Salgado Roberto (CHI)"]
[Black "Barroso Napoles Alexander (CUB)"]
[Result "1-0"]
[WhiteElo "2135"]
[BlackElo "2022"]

1.e4 e5 2.Nf3 Nc6 3.Bb5 a6 4.Ba4 Nf6 5.O-O b5 6.Bb3 Be7 7.Re1 d6 8.c3 O-O 9.h3
Na5 10.Bc2 c5 11.d4 cxd4 12.cxd4 Qc7 13.a3 h6 14.Nbd2 Bd7 15.d5 Rfc8 16.Bb1
Bf8 17.Ra2 Nc4 18.b3 Nb6 19.Nf1 a5 20.Ne3 Qb7 21.Bd3 Rcb8 22.Nh4 g6 23.Bd2 a4
24.b4 Rc8 25.Qe2 Rc7 26.Rc1 Rac8 27.Rac2 Be7 28.Nf3 Kh7 29.Nh2 Rxc2 30.Bxc2
Nfxd5 31.exd5 Nxd5 32.Qf3 {#r} 1-0

[Event "It \"]
[Site "masterchessopen.com Brighton (England)"]
[Date "2011.02.26"]
[Round "6"]
[White "Lenier Jude (ENG)"]
[Black "Rudd Jack (ENG)"]
[Result "1-0"]
[WhiteElo "2049"]
[BlackElo "2290"]

1.e4 e5 2.Nf3 Nc6 3.Bb5 a6 4.Ba4 Nf6 5.O-O Be7 6.Re1 b5 7.Bb3 d6 8.c3 O-O 9.h3
Na5 10.Bc2 d5 11.exd5 e4 12.Ng5 Nxd5 13.Nxh7 Re8 14.Bxe4 Be6 15.Qh5 Qd7 16.Nf8
g6 17.Qh7+ {#r} 1-0

[Event "Ch Poland (juniors) (under 18) (g)"]
[Site "masterchessopen.com Murzasichle (Poland)"]
[Date "2011.03.10"]
[Round "7"]
[White "Zakoscielna Kinga (POL)"]
[Black "Pacak Patrycja (POL)"]
[Result "1-0"]
[WhiteElo "2108"]
[BlackElo "1754"]

1.e4 e5 2.Nf3 Nc6 3.Bb5 a6 4.Ba4 Nf6 5.O-O Be7 6.Re1 b5 7.Bb3 d6 8.c3 O-O 9.h3
Na5 10.Bc2 d5 11.exd5 e4 12.Ng5 Nxd5 13.Nxh7 Bf5 14.Nxf8 Nf4 15.Bxe4 Bxh3
16.d4 Bd6 17.Bxf4 Bxf4 18.Qh5 {#r} 1-0